Psicología de la lectura: procesos, teorías y aplicaciones instruccionales

Saved in:
Bibliografiske detaljer
Main Authors: Vieiro Iglesias, Pilar (autora), Gómez Veiga, Isabel (Author)
Format: Bog
Sprog:spansk
Udgivet: Madrid Pearson Educación 2004
Fag:
Tags: Tilføj Tag
Ingen Tags, Vær først til at tagge denne postø!

MARC

LEADER 00000cam a2200000 a 4500
001 UCK2933
003 CL-VaPUC
008 050401e20040000SP |||||||||||||||||spa|d
020 |a 8420542326 
082 0 4 |a 418.4  |b VIE  |2 21 
100 |a Vieiro Iglesias, Pilar  |e autora  |9 490960 
700 0 |a Gómez Veiga, Isabel  |e author  |9 490961 
245 1 0 |a Psicología de la lectura: procesos, teorías y aplicaciones instruccionales 
300 |a 281 p 
942 |c BK 
945 |d 20050401 00:00:00  |a cmena 
260 |a Madrid  |b Pearson Educación  |c 2004 
650 0 |a Comprensión de lectura  |9 307588 
650 0 |a Lingüística aplicada   |9 313266 
650 7 |a PSICOLOGIA DE LA LECTURA  |2 CL-VaPUC  |9 307355 
650 0 |a Psicolingüística   |9 283371 
650 0 |a Psicología educacional   |9 307830 
583 |a last modification  |c 20150401 06:00:04  |k Rodrigo Vera 
999 |c 312323  |d 312321 
952 |0 0  |1 0  |4 0  |6 418_400000000000000_VIE_2004  |7 0  |8 A  |9 382394  |a FDOPOS  |b FDOPOS  |d 2019-11-21  |i 4105664  |o 418.4 VIE 2004  |p 4105664  |r 2025-01-22  |w 2019-11-21  |y BK  |k MLA 
952 |0 0  |1 0  |4 0  |6 418_400000000000000_VIE_2004  |7 0  |8 A  |9 382395  |a BIBEDU  |b BIBEDU  |d 2019-11-21  |i 4159918  |o 418.4 VIE 2004  |p 4159918  |r 2019-11-21  |w 2019-11-21  |y BK  |k EBA 
952 |0 0  |1 0  |3 erb  |4 0  |6 418_400000000000000_VIE_2004  |7 0  |8 A  |9 382396  |a BIBEDU  |b BIBEDU  |i 5144841  |l 2  |m 3  |o 418.4 VIE 2004  |p 5144841  |r 2023-08-31  |s 2023-08-17  |w 2019-11-21  |y BK  |z Catalogado en:20150402  |k EPE